00382pab a2200133 454500008004000000100001800040245006400058260000900122300001500131362001100146650002500157700002000182773004600202180718b2012 xxu||||| |||| 00| 0 eng d aAseem Prakash aVoluntary environmental programs: A comparative perspective c2012 ap.123-138. aWinter aEnvironmental policy aPotoski, Mathew aJournal of Policy Analysis and Management